<?xml version="1.0" encoding="UTF-8"?><?xml-stylesheet type="text/xsl" href="static/style.xsl"?><OAI-PMH xmlns="http://www.openarchives.org/OAI/2.0/" xmlns:xsi="http://www.w3.org/2001/XMLSchema-instance" xsi:schemaLocation="http://www.openarchives.org/OAI/2.0/ http://www.openarchives.org/OAI/2.0/OAI-PMH.xsd"><responseDate>2026-04-17T07:42:17Z</responseDate><request verb="GetRecord" identifier="oai:www.recercat.cat:2445/122066" metadataPrefix="marc">https://recercat.cat/oai/request</request><GetRecord><record><header><identifier>oai:recercat.cat:2445/122066</identifier><datestamp>2025-12-05T09:46:25Z</datestamp><setSpec>com_2072_1057</setSpec><setSpec>col_2072_478778</setSpec><setSpec>col_2072_478917</setSpec></header><metadata><record xmlns="http://www.loc.gov/MARC21/slim" xmlns:dcterms="http://purl.org/dc/terms/" xmlns:xsi="http://www.w3.org/2001/XMLSchema-instance" xmlns:doc="http://www.lyncode.com/xoai" xsi:schemaLocation="http://www.loc.gov/MARC21/slim http://www.loc.gov/standards/marcxml/schema/MARC21slim.xsd">
   <leader>00925njm 22002777a 4500</leader>
   <datafield ind2=" " ind1=" " tag="042">
      <subfield code="a">dc</subfield>
   </datafield>
   <datafield ind2=" " ind1=" " tag="720">
      <subfield code="a">Serrano-Muñoz, M.</subfield>
      <subfield code="e">author</subfield>
   </datafield>
   <datafield ind2=" " ind1=" " tag="720">
      <subfield code="a">Alfredo Villegas, G.</subfield>
      <subfield code="e">author</subfield>
   </datafield>
   <datafield ind2=" " ind1=" " tag="720">
      <subfield code="a">Callejas-Chavero, A.</subfield>
      <subfield code="e">author</subfield>
   </datafield>
   <datafield ind2=" " ind1=" " tag="720">
      <subfield code="a">Lomeli-Flores, J. R.</subfield>
      <subfield code="e">author</subfield>
   </datafield>
   <datafield ind2=" " ind1=" " tag="720">
      <subfield code="a">Romero-Rangel, Silvia</subfield>
      <subfield code="e">author</subfield>
   </datafield>
   <datafield ind2=" " ind1=" " tag="720">
      <subfield code="a">Pujade, Juli, 1960-</subfield>
      <subfield code="e">author</subfield>
   </datafield>
   <datafield ind2=" " ind1=" " tag="260">
      <subfield code="c">2018-05-03T14:58:03Z</subfield>
   </datafield>
   <datafield ind2=" " ind1=" " tag="260">
      <subfield code="c">2018-05-03T14:58:03Z</subfield>
   </datafield>
   <datafield ind2=" " ind1=" " tag="260">
      <subfield code="c">2015</subfield>
   </datafield>
   <datafield ind2=" " ind1=" " tag="260">
      <subfield code="c">2018-05-03T14:58:04Z</subfield>
   </datafield>
   <datafield ind2=" " ind1=" " tag="520">
      <subfield code="a">Los Cynipidae son insectos inductores de agallas en Quercus. Las agallas son consideradas un microecosistema constituidas por el cinípido inductor (Cynipini), por el c inípido inquilino (Synergini) y por un grupo de avispas (Chalcidoidea) cuya función no está estudiada. En México s e han descrito 180 especies de ci n í pidos, sin embargo, s e conoce poco acerca de la fauna asociada a las agallas y de las interacciones que se presentan, en este trabajo se da a conocer la fauna asociada a un morfotipo de agallas inducida por Atrusca sp. S obre Quercus mexicana . Se encontraro n 290 insect os pertenecientes a tres grupos: 257 Atrusca ( Cynipini) , 8 S ynergus (Synergini) y Chalcidoidea de cuatro géneros, 8 Baryscapus (Eulophidae), 1 Brasema (Eupelmidae), 2 Ormyrus (Ormy r idae), 3 Eurytoma y 2 Sycophila (Eurytomidae ). Los insectos asociados son nuevos registros para Atrusca , este trabajo proporciona bases para futuros estudios relacionados con la ecología de las interacciones en las agallas.</subfield>
   </datafield>
   <datafield tag="653" ind2=" " ind1=" ">
      <subfield code="a">Himenòpters</subfield>
   </datafield>
   <datafield tag="653" ind2=" " ind1=" ">
      <subfield code="a">Mèxic</subfield>
   </datafield>
   <datafield tag="653" ind2=" " ind1=" ">
      <subfield code="a">Hymenoptera</subfield>
   </datafield>
   <datafield tag="653" ind2=" " ind1=" ">
      <subfield code="a">Mexico</subfield>
   </datafield>
   <datafield ind2="0" ind1="0" tag="245">
      <subfield code="a">Sinergini y chalcidoidea (Hymenoptera) asociados a una agalla inducida por Atrusca sp. (Hymenoptera: Cynipidae: Cynipini) de la región noroeste de Sierra de Guadalupe, Estado de México.</subfield>
   </datafield>
</record></metadata></record></GetRecord></OAI-PMH>